The art of chemical process design /
Guardado en:
| Autor Principal: | |
|---|---|
| Otros Autores: | |
| Formato: | Libro |
| Idioma: | English |
| Publicado: |
Amsterdam :
Elsevier,
1986.
|
| Series: | Computer-aided chemical engineering ;
2 |
| Materias: | |
| Etiquetas: |
Agregar Etiqueta
Sin Etiquetas, Sea el primero en etiquetar este registro!
|
| LEADER | 00786pam a22002295a 4500 | ||
|---|---|---|---|
| 001 | EIQ.libpla002092 | ||
| 008 | 860807s1986####ne#a#####b####001#0#eng#d | ||
| 005 | 20070417154422.0 | ||
| 245 | 1 | 4 | |a The art of chemical process design / |c G.L. Wells and L.M. Rose. |
| 260 | |a Amsterdam : |b Elsevier, |c 1986. | ||
| 300 | |a x, 703 p. : |b il. ; |c 25 cm. | ||
| 440 | 0 | |a Computer-aided chemical engineering ; |v 2 | |
| 504 | |a Incluye refereencias bibliográficas e índice. | ||
| 020 | |a 044442699x | ||
| 100 | 1 | |a Wells, G. L. | |
| 700 | 1 | |a Rose, L. M., |d 1935- | |
| 082 | 0 | 0 | |a 660.2/81 |2 19 |
| 650 | 4 | |a Ingeniería química |x Diseño de procesos. | |
| 650 | 4 | |a Chemical engineering |x Process design. | |
| 010 | |a 86019779 | ||
| 040 | |a DLC |c DLC |d AR-BbSID | ||
| 859 | |a AR-BbSID |b BIB. PLAPIQUI |h 660.281 |i W 44 |p 2999 | ||
